000 01039nam0a22002771 4500
001 rc\2317158
005 20260406193627.0
035 _a(NLR Aleph) 006470140
090 _a5926528
_c5926528
100 _a20110829d1977 |||y0rusy50 ca
101 0 _arus
_aeng
_alav
102 _aRU
105 _aac z |||||
200 1 _a[Обзор деятельности]
_f[АН ЛатвССР]. Ин-т химии древесины
210 _aRiga
_cZinatne
_d1977
215 _a80 с.
_cил., портр.
_d22х16
300 _aНадзаг. также на англ. яз.: Academy of Sciences of the Latvian SSR. Institute of wood chemistry
300 _aТекст парал. на рус., англ. и латыш. яз.
710 0 2 _aИнститут химии древесины
_cРига
_3RU\NLR\AUTH\889956105
_9408323
712 0 2 _aInstitute of wood chemistry
_cRiga
_3RU\NLR\AUTH\889956411
_9408933
801 0 _aRU
_bNLR
_gpsbo
801 1 _aRU
_bELAR
_2rusmarc
852 _aNLR
_bОНЛ
942 _cBOOK
980 _aNB